Statystyki dla Kraje z najniższymi mieszkańcami na świecie

Kliknij tutaj aby rozwiązać quiz!

Ogólne statystyki

  • Ten quiz został rozwiązany 20 razy
  • Średni wynik to 4 z 10

Statystyki odpowiedzi

HintOdpowiedź% Poprawnych
1,62mWietnam
71%
1,58mIndonezja
65%
1,63mNepal
59%
1,61mFilipiny
47%
1,62mKambodża
47%
1,63mSri Lanka
35%
1,6mBoliwia
12%
1,63mEkwador
12%
1,63mNigeria
12%
1,64mPeru
12%

Rozkład punktacji

Percentyl według liczby udzielonych odpowiedzi

Procent ludzi z każdym wynikiem

Twoja historia wyników

Nie rozwiązałeś tego quizu